000 01280nam a2200313 a 4500
001 000111294
003 CHAP
005 20220329144205.0
008 150128s2014 mx sm |||||||spa d
010 _a107756
011 _a108728
040 _cCHAP
090 _aTesis
100 1 _aMeléndez León, Fernando
_9129142
245 1 0 _aPropuesta de medidas mínimas de buenas prácticas agrícolas a implementar en el centro de capacitación en tecnologías agroecológicas " módulo jurásico "
_h[En línea]
_cpor Fernando Meléndez León.
260 _aChapingo, Méx. :
_bEl autor,
_c2014.
500 _aPara ver el contenido del material haga clic en la liga
502 _aTesis (Ing. Agr. Esp. en Agroecología) -- UACH. Departamento de Enseñanza Investigación y servicio en Agroecología
590 _aE11695DGD
_b10
_c20150129
_lUCH01
_h1154
590 _aE5765TAJ
_b05
_c20150128
_lUCH01
_h1332
590 _aE5765TAJ
_b05
_c20150128
_lUCH01
_h1333
650 1 4 _aAgricultura
_xMedidas de seguridad
_91741
650 1 4 _aSistemas de producción
_xControl de calidad.
_9129144
650 1 4 _aSistemas de producción
_xEvaluación.
_9129143
856 _aFinding aid
_uhttp://10.13.5.2/tesis/sist111294.pdf
_zTeclea aquí
901 _aBK
942 _cTESIS
942 _n0
999 _c107756
_d107756